000
00316nam a2200121 a 4500
001
4140
005
20140414131914.0
008
090218s19uu xx 00 eng d
050
_a
ER
_b
H52 1998
100
_a
Jordan, Taylor
245
_a
Hiccup :
_b
by Taylor Jordan ; illustrated by Frank Remkiewicz.
999
_c
111366
_d
111366